01320nam a2200253 a 450000100100000000500170001000800410002702000150006804000250008308200200010824500780012826001140020630000270032049000510034750000740039850002530047250400270072565000330075265100300078570000390081571000560085471101050091083000510101500004149220201002034934.0131008s1993 sp 000 0 spa d a8400049497 aDO-SdBNPbspacBNPHU a361.61094bI61s00aIntercambio Social y Desarrollo del Bienestar /cLuis Moreno, compilador. aMadrid :aConsejo Superior de Investigaciones Científicas, Instituto de Estudios Sociales Avanzados,c1993. aviii, 427 p. :b24 cm.1 aPoliteyaaestudios de política y sociedadv4 aIncluye referencias bibliográficas y notas al pie de las páginas. a¨El II Seminario Internacional de Política Social 'Gumersindo de Azcárate', fue organizado por el Instituto de Estudios Sociales Avanzados (IESA), del Consejo Superior de Investigaciones Científicas (CSIC), entre marzo y mayo de 1992"--P. 1. aBibliografía: p. 196 4aAsistencia públicazEuropa 4aEuropaxPolítica Social12aMoreno, Luisq(Moreno Fernández)2 aInstituto de Estudios Sociales Avanzados (España)2 aSeminario Internacional de Política Social "Gumersindo de Azcáraten2 :d1992:cMadrid, España 0aPoliteyapestudios de política y sociedadn4